000
00286nam a22001337a 4500
008
170508b xxu||||| |||| 00| 0 eng d
020
_a
9781401848279
041
_a
eng
080
_2
2ND
_a
34
100
_a
15
101
_a
SHJ
245
_a
FAMILY LAW
_c
STATSKY, W.P
942
_2
udc
_c
BK
999
_c
12926
_d
12926